Online Catalogue and eLibrary

Jathika ananyathawa hasanskruthiya (Record no. 2061)

MARC details
000 -LEADER
fixed length control field 00430nam a2200169Ia 4500
005 - DATE AND TIME OF LATEST TRANSACTION
control field 20250616005445.0
008 - FIXED-LENGTH DATA ELEMENTS--GENERAL INFORMATION
fixed length control field 240331s9999 xx 000 0 und d
020 ## - INTERNATIONAL STANDARD BOOK NUMBER
ISBN 9559514717
082 ## - DDC Classification
Item Number - Author Mark WIJ
Class No. 305
100 ## - MAIN ENTRY--PERSONAL NAME
Personal name Wijeyasuriya, S
245 #0 - TITLE STATEMENT
Title Jathika ananyathawa hasanskruthiya
260 ## - PUBLICATION, DISTRIBUTION, ETC.
Place of publication, distribution, etc. Pannipitya
Name of publisher, distributor, etc. Tilak Printers ( Pvt) Ltd
Date of publication, distribution, etc. 1993
300 ## - PHYSICAL DESCRIPTION
Extent (e.g. Volumes, Pages etc.) 90 p .,
650 ## - SUBJECT ADDED ENTRY--TOPICAL TERM
Topical term or geographic name entry element National Identity
650 ## - SUBJECT ADDED ENTRY--TOPICAL TERM
Topical term or geographic name entry element Culture
942 ## - Koha item type (Biblio)
Koha item type Books in Stacks (Lending)
Holdings
Lost status Damaged status Collection code Home library Current library Shelving location Date acquired Full call number Accession Number Item type
    Lending WERC Library WERC Library Social Science Cupboard 03/31/2024 305.8 WIJ 4040 Books in Stacks (Lending)

© WERC Library